00431 2200169 4500001002100000008004100021035002000062245003800082100002000120260003000140300002100170020002200191084001400213082000800227650001000235990001600245INLIS000000000000007 ind  a0010-0724000007 aA Thing Called UscAndry Setiawan aSetiawan, Andry aDepok :bHaru Mediac2017 a290 hlm.c19 cm. a978-602-6383-20-4 a813 AND A a813 aFiksi aP29/CP/24/7